000 00311 a2200157 4500
001 177650
020 _a
040 _cMagnum
100 _aCortes,gustavo
240 1 0 _aDanca brasil
_lpor
245 1 0 _aDanca brasil
362 0 _a1899
440 1 _aLeitura
697 _aMAGNITO: J/FOLCLORE
942 _cBK
999 _c177650
_d177650